Normal view
MARC view
- P.Kandasamy, K. Thilagvathy
Entry Personal Name
001 - CONTROL NUMBER
- control field: 123416
003 - CONTROL NUMBER IDENTIFIER
- control field: NUST
005 - DATE AND TIME OF LATEST TRANSACTION
- control field: 20240610172345.0
008 - FIXED-LENGTH DATA ELEMENTS
- fixed length control field: 240610|| aca||aabn | a|a d
040 ## - CATALOGING SOURCE
- Original cataloging agency: NUST
- Transcribing agency: NUST
100 ## - HEADING--PERSONAL NAME
- Personal name: P.Kandasamy, K. Thilagvathy
670 ## - SOURCE DATA FOUND
- Source citation: Work cat.: (NUST): P.Kandasamy, K. Thilagvathy, Engineering Mathematics, 2006.
